Les pays d'Amérique qui ne touchent aucun autre pays - Statistiques

Statistiques générales
  • Ce quiz a été pris 64 fois
  • Le résultat moyen est 9 sur 11
Statistiques - réponses
Réponse % Correct
Cuba
95%
Jamaïque
95%
Sainte-Lucie
90%
Saint-Vincent-et-les-Grenadines
90%
Saint-Christophe-et-Niévès
87%
Bahamas
84%
Dominique
84%
Antigua-et-Barbuda
82%
Barbade
79%
Trinité-et-Tobago
77%
Grenade
76%
Aucun quiz correspondant
Distribution des résultats
% des personnes avec chaque résultat
Percentile par nombre de réponses
Votre historique - résultats
Vous n’avez pas pris ce quiz